Iconic Goals and Moments in Football 2000-2023 - Statistics

General Stats
  • This quiz has been taken 24 times
  • The average score is 5 of 16
Answer Stats
Picture Answer % Correct
Barcelona vs PSG
82%
Borussia Dortmund vs Real Madrid
68%
Manchester United vs Manchester City
50%
Germany vs Brazil
45%
Manchester City vs Inter
41%
Real Madrid vs Bayer Leverkusen
41%
Barcelona vs Inter
36%
Netherlands vs Argentina
36%
Chelsea vs Barcelona
32%
Bayern vs Borussia Dortmund
18%
Juventus vs Real Madrid
18%
Bayern vs Chelsea
14%
Liverpool vs Atlético de Madrid
14%
Milan vs Barcelona
14%
Liverpool vs Olympiacos
9%
Osasuna vs Real Madrid
9%
No matching quizzes found
Score Distribution
Percent of People with Each Score
Percentile by Number Answered
Your Score History
You have not taken this quiz